[Event "BIH-chT"]
[Site "Bihac"]
[Date "1999.08.26"]
[Round "6"]
[White "Nurkic, Sahbaz"]
[Black "Glavas, Dragan"]
[Result "1-0"]
[WhiteElo "2417"]
[BlackElo "2261"]

1.e4 e6 2.d4 d5 3.Nd2 Nc6 4.Ngf3 Nf6 5.e5 Nd7 6.Bb5 a6 7.Bxc6 bxc6 8.Nb3 a5
9.Bg5 Be7 10.Bxe7 Qxe7 11.Qd2 Qb4 12.a4 f6 13.Qxb4 axb4 14.O-O Kf7 15.Rfe1 Ba6
16.Nc5 Rhd8 17.exf6 Nxc5 18.dxc5 gxf6 19.Nd4 e5 20.Nxc6 Rg8 21.f4 b3 22.fxe5 bxc2
23.e6+ Ke8 24.Nb4 Rg4 25.Nxd5 Rxg2+ 26.Kxg2 Bb7 27.Kf2 Bxd5 28.b4 Ke7 29.Ke3 f5
30.Kd4 Be4 31.b5 Kxe6 32.a5 Rd8+ 33.Kc4 Kd7 34.Rac1 Kc8 35.Rxe4 fxe4 36.Rxc2 c6
37.b6 Kb7 38.Rg2 Rd7 39.a6+  1-0

[Event "EU-ch U16 Girls"]
[Site "Litohoto"]
[Date "1999.09.06"]
[Round "4"]
[White "Gara, Ticia"]
[Black "Goczo, Melinda"]
[Result "0-1"]
[WhiteElo "2233"]
[BlackElo "2226"]

1.e4 e6 2.d4 d5 3.Nd2 Nc6 4.Ngf3 Nf6 5.e5 Nd7 6.c3 f6 7.exf6 Qxf6 8.Bd3 Bd6
9.Qc2 e5 10.dxe5 Ndxe5 11.O-O Be6 12.Be2 O-O 13.Re1 Rae8 14.b3 Bg4 15.Rf1 Nxf3+
16.Nxf3 Bxf3 17.Bxf3 Qe5  0-1

[Event "EU-ch U14"]
[Site "Litohoto"]
[Date "1999.09.06"]
[Round "4"]
[White "Barglowski, Filip"]
[Black "Heberla, Bartlomiej"]
[Result "1/2-1/2"]
[WhiteElo "2143"]
[BlackElo "2223"]

1.e4 e6 2.d4 d5 3.Nd2 Be7 4.Bd3 c5 5.dxc5 Nf6 6.Ngf3 dxe4 7.Nxe4 Nxe4 8.Bxe4 Qxd1+
9.Kxd1 Bxc5 10.Ke2 Nd7 11.Bf4 Nf6 12.Bd3 Ke7 13.c3 Rd8 14.Rad1 Bd7 15.Ne5 Be8
16.Rhe1 Nd5 17.Bg3 f6 18.Nf3 e5 19.Kf1 Kf8 20.Be4 Bf7 21.Rd2 Ne7 22.Red1 Nc6
23.b3 Rxd2 24.Rxd2 Rd8 25.Rxd8+ Nxd8 26.Nd2 Ba3 27.Ke2 g6 28.Bd3 Bb2 29.Nb1 Bc1
30.Nd2 Bb2 31.Nb1 Bc1 32.Nd2 Bd5 33.f3 Ke7 34.Kd1 Ba3 35.Bc4 Bxc4 36.Nxc4 Bc5
37.b4 Bd6 38.Nxd6 Kxd6 39.Kd2 Kd5 40.Kd3 b5 41.Bh4 g5 42.Bf2 a6 43.g4 Ne6
44.Be3 Nf8 45.Bf2 Ne6 46.Be3 Nd8  1/2-1/2

[Event "CRO-chT"]
[Site "Pula"]
[Date "1999.09.11"]
[Round "3"]
[White "Brnas, Augustin"]
[Black "Dusper, Hrvoje"]
[Result "1-0"]
[WhiteElo "2296"]
[BlackElo "2232"]

1.e4 e6 2.d4 d5 3.Nd2 a6 4.Bd3 c5 5.dxc5 Bxc5 6.Ngf3 Nc6 7.c3 Nf6 8.O-O dxe4
9.Nxe4 Nxe4 10.Bxe4 Qxd1 11.Rxd1 Bd7 12.Ng5 f6 13.Nf7 Rf8 14.Nd6+ Bxd6 15.Rxd6 Ke7
16.Rd1 Rfd8 17.Be3 Be8 18.Bb6 Rxd1+ 19.Rxd1 f5 20.Bc2 g5 21.Bb3 Bf7 22.Bc5+ Ke8
23.Rd6 Rd8 24.Bxe6 Rxd6 25.Bxf7+ Kxf7 26.Bxd6 Ke6 27.Bc7 Kd7 28.Bb6 Ne5 29.Bd4 Nd3
30.c4 Nc1 31.Be3 Nxa2 32.Bxg5 Nb4 33.Kf1 Nd3 34.Bf6 b5 35.cxb5 axb5 36.Ke2 Nf4+
37.Kf3 Ng6 38.g3 Kd6 39.Bg7 h5 40.Ke3 Kc5 41.f3 Kd5 42.Kd3 Ne7 43.Bf6 Nc6
44.Ke3 Ke6 45.Bh8 Kf7 46.Kf4 Kg6 47.Be5 Na7 48.Bc3 Nc6 49.b4 Nd8 50.Ke5 Nf7+
51.Kd5 Ng5 52.f4 Ne4 53.Be1 Kf6 54.Kc6 Ke6 55.Kxb5 Kd5 56.Ka6 Kc4 57.b5  1-0

[Event "CRO-chT"]
[Site "Pula"]
[Date "1999.09.12"]
[Round "4"]
[White "Jukic, Branimir"]
[Black "Kovacevic, Vlatko"]
[Result "1/2-1/2"]
[WhiteElo "2374"]
[BlackElo "2492"]

1.e4 e6 2.d4 d5 3.Nd2 a6 4.Ngf3 c5 5.dxc5 Bxc5 6.Bd3 Nf6 7.O-O O-O 8.Qe2 Nc6
9.a3 Qc7 10.b4 Nd4 11.Nxd4 Bxd4 12.Rb1 Rd8 13.Nf3 dxe4 14.Bxe4 Nxe4 15.Qxe4 e5
16.c3 Qxc3 17.Bg5 f6 18.Rfc1 Qxa3 19.Bxf6 gxf6 20.Rc7 Qd3 21.Qxd3 Bxf2+ 22.Kxf2 Rxd3
23.Rbc1 Bg4 24.Rxb7 Rad8 25.h3 Bxf3 26.gxf3 R8d7 27.Rxd7 Rxd7 28.Rc6 Kf7
29.Rxa6 Rd3 30.Rc6 Rb3 31.Rc4 f5 32.f4 e4 33.Kg2 Kg6 34.Rc6+ Kh5 35.Rf6 Rxb4
36.Rxf5+ Kh4 37.Re5 Rb2+ 38.Kf1 Kg3 39.Rxe4 Kf3 40.Re7  1/2-1/2

[Event "CRO-chT"]
[Site "Pula"]
[Date "1999.09.17"]
[Round "8"]
[White "Leventic, Ivan"]
[Black "Kovacevic, Vlatko"]
[Result "0-1"]
[WhiteElo "2390"]
[BlackElo "2492"]

1.e4 e6 2.d4 d5 3.Nd2 a6 4.Bd3 c5 5.dxc5 Bxc5 6.Ngf3 Nf6 7.O-O O-O 8.a3 Nc6
9.b4 Ba7 10.c4 dxc4 11.Nxc4 b5 12.Ne3 e5 13.Nd5 h6 14.Bb2 Bg4 15.h3 Bxf3
16.Qxf3 Bd4 17.Bxd4 Nxd4 18.Qe3 Rc8 19.Rac1 Nxd5 20.exd5 Qxd5 21.f4 Rxc1
22.Rxc1 exf4 23.Qxf4 Rd8 24.Rc7 f5 25.Rc3 Qd6 26.Qe3 Qd7 27.Kh1 Re8 28.Qg3 Qe6
29.Kh2 Qe5 30.Qxe5 Rxe5 31.Kg3 Kf7 32.Kf4 Kf6 33.h4 g5+ 34.hxg5+ hxg5+ 35.Kg3 Re3+
36.Kf2 f4 37.g4 Rh3 38.Kg2 Rf3 39.Rc6+ Nxc6 40.Kxf3 Ne5+  0-1

[Event "Artek olJ"]
[Site "Artek"]
[Date "1999.09.18"]
[Round "7"]
[White "Azarov, Sergei"]
[Black "Drozdovsky, Yuri"]
[Result "1-0"]
[WhiteElo "2432"]
[BlackElo "2315"]

1.e4 e6 2.d4 d5 3.Nd2 a6 4.Ngf3 c5 5.exd5 exd5 6.Be2 Nf6 7.O-O c4 8.Re1 Be7
9.b3 b5 10.a4 c3 11.Nf1 b4 12.Ng3 O-O 13.Ne5 Nfd7 14.Bd3 Nxe5 15.dxe5 Nc6
16.Bf4 Bc5 17.Qh5 g6 18.Qh6 Re8 19.Bg5 Bf8 20.Qh4 Be7 21.Bf6 Bxf6 22.exf6 Bd7
23.Nh5 Rxe1+ 24.Rxe1 Qf8 25.Nf4 Re8 26.Rxe8 Qxe8 27.Nxd5 a5 28.Ne7+ Nxe7
29.fxe7 Kg7 30.Qd4+ f6 31.Qd6 h5 32.h4 Kf7 33.Bc4+ Kg7 34.Kh2 Bc6 35.Qd8 Bd7
36.Bb5 Bxb5 37.axb5 Kf7 38.Qxe8+ Kxe8 39.b6  1-0

[Event "Donne Haas mem"]
[Site "Bonnevoie"]
[Date "1999.09.20"]
[Round "3"]
[White "Upton, Timothy J"]
[Black "Wagener, Claude"]
[Result "1/2-1/2"]
[WhiteElo "2295"]
[BlackElo "2231"]

1.e4 e6 2.d4 d5 3.Nd2 Be7 4.Ngf3 Nf6 5.e5 Nfd7 6.Bd3 c5 7.c3 b6 8.Qe2 a5
9.h4 Ba6 10.Rh3 Qc8 11.Rg3 g6 12.h5 Nc6 13.a3 a4 14.Nf1 Na5 15.Bg5 Bxd3 16.Qxd3 Qa6
17.Qxa6 Rxa6 18.N1d2 b5 19.Ke2 Rc6 20.Rh1 Rg8 21.hxg6 hxg6 22.Bxe7 Kxe7 23.Ng5 Rg7
24.Rgh3 Nf8 25.dxc5 Rxc5 26.f4 Nc4 27.Nxc4 Rxc4 28.Ke3 f6 29.exf6+ Kxf6 30.Nh7+ Nxh7
31.Rxh7 Rxh7 32.Rxh7 d4+ 33.cxd4 Rc2 34.g4 Rxb2 35.Ke4 g5 36.Rh6+ Kf7 37.f5 exf5+
38.Kxf5 Rb3 39.Rb6 Rxa3 40.Rxb5 Rd3 41.d5 a3 42.Ra5 a2 43.Ra7+ Kf8 44.Kf6 Ke8
45.Ke6 Re3+ 46.Kd6 Re2 47.Ra8+ Kf7 48.Kc7 Rc2+ 49.Kd7 Rd2 50.d6 Rc2 51.Ra3 Rf2
52.Kd8 Ke6 53.d7 Rd2 54.Re3+ Kf7 55.Re1 Rc2 56.Rf1+ Kg7 57.Ke8  1/2-1/2

[Event "Paks 09 IM"]
[Site "Paks"]
[Date "1999.09.21"]
[Round "1"]
[White "Csonka, Attila"]
[Black "Macsik, Tamas"]
[Result "0-1"]
[WhiteElo "2225"]
[BlackElo "2184"]

1.e4 e6 2.d4 d5 3.Nd2 Be7 4.c3 c5 5.e5 Nc6 6.Bd3 Qb6 7.Ndf3 f6 8.exf6 Nxf6
9.Ne2 O-O 10.O-O Bd6 11.Re1 e5 12.dxe5 Nxe5 13.Nxe5 Bxe5 14.Nf4 Qd6 15.g3 b6
16.Ng2 Qc7 17.Bf4 Bd6 18.Qe2 Bd7 19.Bxd6 Qxd6 20.Qe5 Qxe5 21.Rxe5 Rae8 22.Rxe8 Rxe8
23.f3 Kf7 24.Kf2 Bc6 25.g4 Nd7 26.h4 g6 27.h5 Ne5 28.Bc2 d4 29.cxd4 cxd4
30.Nh4 d3 31.Bb3+ Kf6 32.Rc1 g5 33.Nf5 Bxf3 34.Rc7 Bxg4 35.Nd6 Rd8 36.Ne4+ Kf5
37.Ke3 Bf3 38.Nd2 Bxh5 39.Nf1 d2 40.Ng3+ Kg4 41.Nxh5 Kxh5 42.Rxh7+ Kg4 43.Rh1 Kf5
44.Bc2+ Kf6 45.b3 g4 46.Rg1 Kg5 47.Bd1 Rf8 48.Kxd2 Nf3+ 49.Bxf3 Rxf3 50.Ke2 Rf7
51.Rh1 g3 52.Rh8 Kg4  0-1

[Event "Alushta2"]
[Site "Alushta"]
[Date "1999.09.24"]
[Round "7"]
[White "Belov, Vladimir"]
[Black "Alekseev, Vadim"]
[Result "1-0"]
[WhiteElo "2334"]
[BlackElo "2461"]

1.e4 e6 2.d4 d5 3.Nd2 Be7 4.Bd3 dxe4 5.Nxe4 Nf6 6.Nf3 Nbd7 7.Qe2 O-O 8.Nxf6+ Nxf6
9.Bg5 c5 10.dxc5 Qa5+ 11.Nd2 Qxc5 12.Ne4 Nxe4 13.Bxe7 Qxe7 14.Qxe4 f5 15.Qe5 Qb4+
16.Ke2 Qg4+ 17.Kf1 Bd7 18.h3 Qh4 19.Rd1 Rae8 20.f3 Bc6 21.Re1 Rf6 22.Ke2 Rd8
23.Kd1 Qa4 24.b3 Rxd3+ 25.cxd3 Qxa2 26.Qc3 Bd5 27.b4 a5 28.b5 e5 29.Qd2 Qa4+
30.Ke2 e4 31.dxe4 Qxb5+ 32.Kf2 fxe4 33.f4 Qc5+ 34.Qe3 Rxf4+ 35.Kg3 Qxe3+
36.Rxe3 Rf6 37.Rd1 Bc6 38.Rd2 g5 39.Rc3 Kg7 40.Rf2 Rd6 41.Rcc2 h5 42.h4 gxh4+
43.Kxh4 Re6 44.Rfe2 Kf6 45.Rc5 Re5 46.Rxe5 Kxe5 47.Kg3 Kd4 48.Kf4 Kd3 49.Re3+ Kd2
50.g3 Bd5 51.Ra3 Bc6 52.Rb3 Bd5 53.Rb6 Kd3 54.Rd6 Kd4 55.Rd7 Kc5 56.Rh7 Kd4
57.Rxh5 Bc6 58.Re5  1-0

[Event "Paks 09 IM"]
[Site "Paks"]
[Date "1999.09.27"]
[Round "7"]
[White "Csonka, Attila"]
[Black "Kritz, Leonid"]
[Result "0-1"]
[WhiteElo "2225"]
[BlackElo "2336"]

1.e4 e6 2.d4 d5 3.Nd2 Be7 4.Ngf3 Nf6 5.Bd3 c5 6.c3 Nc6 7.e5 Nd7 8.O-O Qb6
9.Re1 cxd4 10.cxd4 Nxd4 11.Nxd4 Qxd4 12.Nf3 Qb6 13.Qc2 h6 14.Be3 Bc5 15.Rac1 Bxe3
16.Rxe3 O-O 17.g4 Qd8 18.Nd4 Qg5 19.Nf3 Qxg4+ 20.Kh1 d4 21.Rg1 Qf4 22.Qe2 f5
23.Bc4 dxe3 24.fxe3 Qe4 25.Bd3 Qb4  0-1

[Event "World Cities-ch 2nd"]
[Site "Shenyang"]
[Date "1999.10.06"]
[Round "5"]
[White "Lochte, Thomas"]
[Black "Li Wenjun"]
[Result "1/2-1/2"]
[WhiteElo "2227"]
[BlackElo "2342"]

1.e4 e6 2.d4 d5 3.Nd2 Nc6 4.Ngf3 Nf6 5.e5 Nd7 6.c3 f6 7.Nh4 Qe7 8.Bd3 Qf7
9.f4 Be7 10.O-O f5 11.Ndf3 b6  1/2-1/2

[Event "EU-ch U20"]
[Site "Patras"]
[Date "1999.10.10"]
[Round "6"]
[White "Dovlatov, Sanan"]
[Black "Lopez Martinez, Jose Manuel"]
[Result "0-1"]
[WhiteElo "2339"]
[BlackElo "2378"]

1.e4 e6 2.d4 d5 3.Nd2 Be7 4.Ngf3 Nf6 5.Bd3 O-O 6.O-O dxe4 7.Nxe4 Nbd7 8.c3 b6
9.Qe2 Bb7 10.Ng3 c5 11.Re1 Qc7 12.Ng5 Bd6 13.Bc4 cxd4 14.cxd4 Rae8 15.Be3 h6
16.Nf3 Nd5 17.Bb5 Rd8 18.Rac1 Qb8 19.Ne4 Nxe3 20.Nxd6 Nxg2 21.Nxb7 Nxe1 22.Nxd8 Nxf3+
23.Qxf3 Qxd8 24.Qg3 Nf6 25.Qe5 Qd5 26.Bc4 Qb7 27.Rd1 Rd8 28.f4 Qc6 29.b3 Qf3
30.Be2 Qc3 31.Bc4 Ng4 32.Qe1 Qf3  0-1

[Event "VAM Hoogeveen op"]
[Site "Hoogeveen"]
[Date "1999.10.15"]
[Round "1"]
[White "Werle, Jan"]
[Black "Goloshchapov, Alexander"]
[Result "1/2-1/2"]
[WhiteElo "2216"]
[BlackElo "2519"]

1.e4 e6 2.d4 d5 3.Nd2 a6 4.Ngf3 c5 5.exd5 exd5 6.dxc5 Bxc5 7.Nb3 Be7 8.Be2 Nf6
9.Bg5 h6 10.Bxf6 Bxf6 11.c3 O-O 12.O-O Nc6 13.Qd2 Bf5 14.Nfd4 Bg6 15.Rad1 Ne5
16.Nf3 Nc4 17.Bxc4 dxc4 18.Nc5 Re8 19.Qf4 Qb6 20.Nd7 Qxb2 21.Nxf6+ gxf6 22.Rd4 Qxc3
23.Rxc4 Qd3 24.Rd4 Re4 25.Rxe4 Bxe4 26.Qxf6 Bxf3 27.gxf3 Qg6+ 28.Qxg6+ fxg6
29.Rd1 Rf8 30.Rd6 Kg7 31.Rb6 Rf7 32.f4 h5 33.Kg2 Rxf4 34.Rxb7+ Kh6 35.a3 Ra4
36.Rb3 Kg5 37.h3 Kf5 38.Rf3+ Ke5 39.Rg3 Kf6 40.Rf3+ Ke5 41.Rg3 Kf5 42.Rf3+ Kg5
43.Kg3 h4+ 44.Kg2 Kh5 45.Rd3 g5 46.Rc3 Rf4 47.Rc5 Ra4 48.Rc3 Ra5 49.Rd3 Kg6
50.Rf3 Rb5 51.Rc3 Ra5 52.Rf3 Rf5 53.Rc3 a5 54.Rc6+ Kf7 55.Ra6 Ke7 56.Rg6 Kf7
57.Ra6 Ke7 58.Rg6 Kf8 59.Rb6 Kg7 60.Rc6 Kf7 61.Ra6 Ke7 62.Rg6  1/2-1/2

[Event "Wichern op 5th"]
[Site "Hamburg"]
[Date "1999.10.17"]
[Round "4"]
[White "Rozentalis, Eduardas"]
[Black "Bauer, Christian"]
[Result "1-0"]
[WhiteElo "2586"]
[BlackElo "2490"]

1.e4 e6 2.d4 d5 3.Nd2 Nc6 4.Ngf3 Nf6 5.e5 Nd7 6.Bb5 Ncb8 7.O-O b6 8.Qe2 a5
9.Bd3 Ba6 10.c4 c6 11.b3 Be7 12.Rd1 Nf8 13.Nf1 Nbd7 14.a3 h5 15.Bd2 g5 16.b4 Ng6
17.b5 dxc4 18.Bxg6 Bxb5 19.a4 Ba6 20.Qe4 c3 21.Bxc3 Kf8 22.Bd2 Kg7 23.Bxh5 Rxh5
24.Qg4 Rh6 25.Nxg5 Rg6 26.h4 Nf8 27.Qf3 Bxg5 28.Bxg5 Qd5 29.Qxd5 cxd5 30.f4 Nh7
31.h5 Nxg5 32.hxg6 Ne4 33.gxf7 Nc3 34.Rd2 Ne2+ 35.Kf2 Nxf4 36.Ke3  1-0

[Event "Arco op"]
[Site "Arco"]
[Date "1999.10.24"]
[Round "2"]
[White "Bellia, Fabrizio"]
[Black "Drasko, Milan"]
[Result "0-1"]
[WhiteElo "2333"]
[BlackElo "2509"]

1.e4 e6 2.d4 d5 3.Nd2 Be7 4.Bd3 c5 5.dxc5 Nf6 6.exd5 Qxd5 7.Ngf3 Nbd7 8.Nb3 Nxc5
9.Nxc5 Qxc5 10.O-O O-O 11.Be3 Qc7 12.Bd4 b6 13.Qe2 Bb7 14.Ne5 Rad8 15.c3 Bc5
16.Bxc5 Qxc5 17.Rad1 Rd5 18.Rfe1 Rfd8 19.Bc4 R5d6 20.Rxd6 Rxd6 21.Rd1 g6
22.Rxd6 Qxd6 23.Bb5 Qd5 24.f3 Qxa2 25.Bc4 Qb1+ 26.Kf2 Qf5 27.Bd3 Be4 28.Bxe4 Qxe5
29.g3 Nxe4+ 30.fxe4 g5 31.Qd2 Kg7 32.b4 h6 33.Kf3 Kg6 34.g4 a5 35.bxa5 bxa5
36.c4 a4  0-1

[Event "Wch U16 Girls"]
[Site "Oropesa del Mar"]
[Date "1999.10.24"]
[Round "1"]
[White "Chu, Stefanie"]
[Black "Goczo, Melinda"]
[Result "1-0"]
[WhiteElo "2020"]
[BlackElo "2226"]

1.e4 e6 2.d4 d5 3.Nd2 Nc6 4.c3 e5 5.exd5 Qxd5 6.Qf3 Qxf3 7.Ngxf3 exd4 8.Nxd4 Nxd4
9.cxd4 Nf6 10.Bc4 Bd6 11.O-O O-O 12.h3 Re8 13.Nf3 Be6 14.Bd3 Bd5 15.Bg5 Bxf3
16.Bxf6 Be2 17.Bxe2 Rxe2 18.Be5 Bxe5 19.dxe5 Rxb2 20.Rfb1 Rxb1+ 21.Rxb1 b6
22.Rd1 Rc8 23.Rd7 g6 24.f4 Kf8 25.e6 fxe6 26.Rxh7 a5 27.Rh8+ Ke7 28.Rxc8 Kd7
29.Rb8 Kc6 30.g4 Kb5 31.h4 c5 32.h5 gxh5 33.gxh5 c4 34.h6 c3 35.h7 c2 36.Rc8  1-0

[Event "Wch U16"]
[Site "Oropesa del Mar"]
[Date "1999.10.25"]
[Round "2"]
[White "Roisman, Fabio Andre"]
[Black "Smerdon, David"]
[Result "1/2-1/2"]
[WhiteElo "2349"]
[BlackElo "2173"]

1.e4 e6 2.d4 d5 3.Nd2 Be7 4.Ngf3 Nf6 5.Bd3 c5 6.dxc5 dxe4 7.Nxe4 Nxe4 8.Bxe4 Qxd1+
9.Kxd1 Bxc5 10.Ke2 Nd7 11.b3 Nf6 12.Bd3 b6 13.c4 Bb7 14.Be3 Bxe3 15.Kxe3 Ng4+
16.Ke2 O-O-O 17.Rhd1 Rd7 18.Bc2 Rhd8 19.Ne1 g6 20.f3 Ne5 21.Rxd7 Rxd7 22.Rd1 a5
23.Ke3 f6 24.h3 Rxd1 25.Bxd1 Kc7 26.f4 Nc6 27.Bf3 e5 28.fxe5 Nxe5 29.Bxb7 Kxb7
30.Nd3 Nd7 31.a3 Kc6 32.Kd4 Nc5 33.b4 Ne6+ 34.Ke4 Kd6 35.Nf4 Nc7  1/2-1/2

[Event "Wch U14"]
[Site "Oropesa del Mar"]
[Date "1999.10.26"]
[Round "3"]
[White "Timofeev, Artjem"]
[Black "Heberla, Bartlomiej"]
[Result "1-0"]
[WhiteElo "2391"]
[BlackElo "2223"]

1.e4 e6 2.d4 d5 3.Nd2 Be7 4.Bd3 c5 5.dxc5 Nf6 6.Qe2 Nc6 7.Ngf3 O-O 8.c3 Bxc5
9.O-O a5 10.e5 Nd7 11.Nb3 Be7 12.a4 Nb6 13.Nbd4 Bd7 14.b3 Rc8 15.Bd2 Re8
16.Nb5 f5 17.Nfd4 Ra8 18.f4 Na7 19.Nxa7 Rxa7 20.g4 Bc5 21.Kh1 g6 22.Be3 Qc7
23.gxf5 exf5 24.Bf2 Bxd4 25.Bxd4 Re6 26.Rg1 Kh8  1-0

[Event "Wch U16"]
[Site "Oropesa del Mar"]
[Date "1999.10.31"]
[Round "7"]
[White "Grigoriants, Sergey"]
[Black "Szymanski, Marcin"]
[Result "1-0"]
[WhiteElo "2413"]
[BlackElo "2327"]

1.e4 e6 2.d4 d5 3.Nd2 Be7 4.Ngf3 Nf6 5.Bd3 c5 6.exd5 Qxd5 7.dxc5 Nbd7 8.Qe2 Nxc5
9.Bc4 Qd6 10.O-O O-O 11.Nb3 b6 12.Rd1 Qc7 13.Nbd4 a6 14.a4 Rd8 15.Bg5 Nce4
16.Bh4 Bb7 17.c3 Qc8 18.Ne5 Bd5 19.f3 Nc5 20.b4 Bxc4 21.Qxc4 Nb7 22.Ndc6 Re8
23.Nd7 Nd5 24.Nxb6 Nxb6 25.Nxe7+ Kh8 26.Qxc8 Nxc8 27.Nxc8 Raxc8 28.Rd7 Rb8
29.Rad1 f6 30.Rc7 Rec8 31.Rxc8+ Rxc8 32.Rd7 Nd8 33.b5 axb5 34.axb5 Kg8 35.b6 Rb8
36.Bf2 Nc6 37.f4 Rd8 38.Rc7  1-0

[Event "Wch U18"]
[Site "Oropesa del Mar"]
[Date "1999.10.31"]
[Round "7"]
[White "Carlsson, Pontus"]
[Black "Blot, Jerome"]
[Result "1/2-1/2"]
[WhiteElo "2186"]
[BlackElo "2299"]

1.e4 e6 2.d4 d5 3.Nd2 Nc6 4.Ngf3 Nf6 5.e5 Nd7 6.Bb5 a5 7.O-O Be7 8.Re1 Ncb8
9.Nf1 b6 10.Ng3 Ba6 11.Bxa6 Nxa6 12.Qd2 c5 13.c3 O-O 14.Qf4 Nc7 15.Nh5 f5
16.exf6 Nxf6 17.Nxf6+ Bxf6 18.Qg4 cxd4 19.cxd4 Qd7 20.Bf4 Nb5 21.Be5 Rac8
22.Rac1 Bxe5 23.Nxe5 Qd6 24.Rxc8 Rxc8 25.Nf3 Nc7 26.Rc1 Re8 27.h4 Na6 28.a3 Nb8
29.Qg3 Qxg3 30.fxg3 Nd7 31.Rc7 Rd8 32.Rc6 Re8 33.Rd6 Re7 34.Rc6 e5 35.dxe5 Nxe5
36.Nxe5 Rxe5 37.Rxb6 Re2 38.Rb5 d4 39.Rxa5 Rxb2 40.Rd5 Ra2 41.Rxd4 Rxa3 42.Kh2 Kf7
43.Kh3 Kf6 44.Rf4+ Ke6 45.Rf3 Ra2 46.g4 Rb2 47.g5 Ra2 48.g3 Ra5 49.Kg4 Ra4+
50.Rf4 Ra3 51.Rf8 g6 52.Rf4 Rb3 53.h5 gxh5+ 54.Kh4 Ke7 55.Rf6 Ke8 56.Rh6 Rb7
57.Rf6 Rb3 58.Rf1 Ra3 59.Rf6 Rb3 60.Rh6 Rb7 61.Kxh5 Kf8 62.Rc6 Kg7 63.g4 Ra7
64.g6 hxg6+ 65.Rxg6+ Kh7 66.Rb6 Kg7 67.g5 Rc7  1/2-1/2

[Event "Extraliga CZE"]
[Site "Ostrava CZE"]
[Date "1999.11.01"]
[Round "2"]
[White "Blehm,P"]
[Black "Hausner,I"]
[Result "1-0"]
[WhiteElo "2479"]
[BlackElo "2415"]

1.e4 e6 2.d4 d5 3.Nd2 Be7 4.e5 c5 5.Qg4 Kf8 6.dxc5 Nc6 7.Ngf3 h5 8.Qf4 g5
9.Qe3 Nh6 10.Bd3 Ng4 11.Qe2 Bxc5 12.Nb3 Bxf2+ 13.Kd1 Bb6 14.Rf1 Rg8 15.h3 Nh6
16.h4 Ng4 17.Bxg5 Qc7 18.Bf4 Bd7 19.Nh2 Nd4 20.Qd2 Nxb3 21.axb3 Nxh2 22.Bxh2 Ke7
23.Bf4 Rg4 24.Be2 Rag8 25.Bxg4 Rxg4 26.g3 Bb5 27.Re1 a6 28.c3 Ke8 29.Kc2 Qe7
30.Rad1 Bc6 31.Kb1 Bc7 32.Qc2 Rg6 33.Bg5 Rxg5 34.hxg5 Qxg5 35.Qe2 Qg4 36.Qxg4 hxg4
37.Rd4 Ke7 38.Rxg4 Bb5 39.Kc2 Be8 40.Rf4 Kf8 41.c4 dxc4 42.Rxc4 Bc6 43.Rxc6 bxc6
44.b4 a5 45.Kb3 axb4 46.Kxb4 Bb6 47.g4 Kg7 48.Kc4 Kg6 49.Kd3 c5 50.Kc4 Kg5
51.Rf1 Bc7 52.Kxc5 Bxe5 53.b4 f5 54.gxf5 exf5 55.b5 f4 56.Kd5 Bc7 57.Ke4 Kf6
58.Rc1 Bd6 59.b6  1-0

[Event "Wch U18"]
[Site "Oropesa del Mar"]
[Date "1999.11.04"]
[Round "10"]
[White "Fedorchuk, Sergey A"]
[Black "Blot, Jerome"]
[Result "0-1"]
[WhiteElo "2457"]
[BlackElo "2299"]

1.e4 e6 2.d4 d5 3.Nd2 Nc6 4.Ngf3 Nf6 5.e5 Nd7 6.Bb5 a5 7.O-O Ncb8 8.Re1 b6
9.c3 Ba6 10.Ba4 c5 11.Nf1 h6 12.Ne3 Be7 13.dxc5 b5 14.Bc2 Nxc5 15.Nd4 Qc7
16.Qh5 Nc6 17.f4 g6 18.Bxg6 fxg6 19.Qxg6+ Kd7 20.Nxe6 Nxe6 21.Nxd5 Qb7 22.Rd1 Raf8
23.Be3 Ncd4 24.Nxe7 Kxe7 25.Bxd4 Qc6 26.f5 Nxd4 27.f6+ Ke6 28.Rxd4 Rhg8 29.Qc2 Rd8
30.Rad1 Rxd4 31.Rxd4 Kxe5 32.f7 Rf8 33.Qh7 Bb7 34.Qg7+ Ke6 35.Rd2 Qc5+ 36.Rf2 Qxf2+
37.Kxf2 Rxf7+ 38.Qxf7+ Kxf7 39.g4 Kf6  0-1

[Event "Chigorin mem"]
[Site "St Petersburg"]
[Date "1999.11.04"]
[Round "3"]
[White "Lukin, Andrei M"]
[Black "Lastin, Alexander"]
[Result "0-1"]
[WhiteElo "2438"]
[BlackElo "2552"]

1.e4 e6 2.d4 d5 3.Nd2 Nc6 4.Ngf3 Nf6 5.e5 Nd7 6.c3 f6 7.Bb5 fxe5 8.dxe5 a6
9.Bxc6 bxc6 10.O-O c5 11.Qa4 a5 12.Qg4 Qe7 13.c4 Bb7 14.Re1 Ra6 15.Nf1 Qf7
16.cxd5 Bxd5 17.Ng5 Qg6 18.Qe2 Bb7 19.Rd1 Rb6 20.h4 h6 21.h5 Qf5 22.Rxd7 Kxd7
23.Ng3 Ba6 24.Qe1 Qc2 25.N5e4 Bd3 26.b3 c4 27.bxc4 Rb1 28.Rxb1 Qxb1 29.Kh2 Bb4
30.Qe3 Bxc4 31.a3 Be7 32.Bd2 Qb5 33.Nc3 Qc6 34.Qd4+ Bd5 35.Qg4 Bxg2 36.Qxg7 Rf8
37.Be3 Bf3 38.Nce2 Qc4 39.Ng1 Qh4+ 40.Nh3 Bg4  0-1

[Event "Monarch Assurance 8th"]
[Site "Port Erin"]
[Date "1999.11.07"]
[Round "2"]
[White "Kudrin, Sergey"]
[Black "Short, Nigel D"]
[Result "0-1"]
[WhiteElo "2525"]
[BlackElo "2675"]

1.e4 e6 2.d4 d5 3.Nd2 Be7 4.Bd3 c5 5.dxc5 Nf6 6.exd5 Qxd5 7.Ngf3 Nbd7 8.Nb3 a5
9.c4 Qh5 10.Be2 e5 11.O-O a4 12.Nbd2 Nxc5 13.Re1 O-O 14.Nf1 Rd8 15.Qc2 e4
16.Ng3 Qg4 17.Ng5 Qh4 18.Be3 Nd3 19.Red1 Ng4 20.Bxg4 Bxg4 21.N5xe4 Bxd1 22.Rxd1 Nb4
23.Rxd8+ Rxd8 24.Qxa4 f5 25.Bc5 Nd3  0-1

[Event "Chigorin mem"]
[Site "St Petersburg"]
[Date "1999.11.08"]
[Round "7"]
[White "Rogovoi, Mark"]
[Black "Kashtanov, Ruslan"]
[Result "0-1"]
[WhiteElo "2214"]
[BlackElo "2341"]

1.e4 e6 2.d4 d5 3.Nd2 Be7 4.e5 c5 5.Qg4 Kf8 6.c3 Nc6 7.Nb3 cxd4 8.cxd4 a5
9.Nf3 Nb4 10.Kd1 Qb6 11.Nbd2 g5 12.Nxg5 Bd7 13.Ndf3 h6 14.Qh5 Bxg5 15.Nxg5 Qxd4+
16.Bd2 Ba4+  0-1

[Event "Monarch Assurance 8th"]
[Site "Port Erin"]
[Date "1999.11.09"]
[Round "4"]
[White "Sutovskij, Emil"]
[Black "Short, Nigel D"]
[Result "1/2-1/2"]
[WhiteElo "2587"]
[BlackElo "2675"]

1.e4 e6 2.d4 d5 3.Nd2 Be7 4.Ngf3 Nf6 5.e5 Nfd7 6.Bd3 c5 7.c3 Nc6 8.O-O a5
9.Re1 cxd4 10.cxd4 Nb6 11.Nf1 Bd7 12.Ng3 h5 13.Ne2 g5 14.Nc3 g4 15.Nd2 Nxd4
16.Nb3 Nxb3 17.axb3 Bc6 18.Nb5 Nd7 19.Bf4 Bxb5 20.Bxb5 Kf8 21.Rc1 Nc5 22.Be3 d4
23.Bxd4 Nxb3 24.Qxb3 Qxd4 25.Rc7 Rd8 26.Rxb7 Bc5 27.Kh1 h4 28.h3 Rh5 29.hxg4 Rxe5
30.Rxe5 Qxe5 31.Qf3 Qe1+ 32.Kh2 Bd6+ 33.g3 hxg3+ 34.fxg3 Be7 35.Bf1 Qd2+
36.Be2 Qc2 37.Rb5 Rd2 38.Re5 Kg7 39.b3 Bf6 40.Re4 Qc3 41.Qxc3 Bxc3 42.Kh3 Bb4
43.Bc4 Rc2 44.g5 Rc3 45.Rd4 Re3 46.Rd7 Be1 47.Kg4 Rxg3+ 48.Kf4 Kg6 49.Bd3+ f5
50.gxf6 Kxf6 51.Bc4 Rg1 52.Rh7 Bd2+ 53.Ke4 Re1+ 54.Kd3 Bb4 55.Rh6+ Kf5 56.Rh5+ Kg4
57.Rh2 Kf3 58.Rh3+ Kf4 59.Rh4+ Kf5 60.Rh5+ Kf6 61.Rh6+ Ke7 62.Rh7+ Kd6 63.Rh6 Bc5
64.Rg6 Ke7 65.Rh6 e5 66.Bd5 Kd7 67.Ra6 Bb4 68.Be6+ Ke7 69.Bd5 Kd7 70.Be6+ Kc7
71.Bd5 Rd1+ 72.Ke4 Bd6 73.Rxa5 Rd4+ 74.Kf5 Kb6 75.b4 Bxb4 76.Kxe5 Kxa5 77.Kxd4  1/2-1/2

[Event "Monarch Assurance 8th"]
[Site "Port Erin"]
[Date "1999.11.10"]
[Round "5"]
[White "Short, Nigel D"]
[Black "Kiriakov, Petr"]
[Result "1-0"]
[WhiteElo "2675"]
[BlackElo "2554"]

1.e4 e6 2.d4 d5 3.Nd2 a6 4.c3 c5 5.Ngf3 Nc6 6.Bd3 cxd4 7.cxd4 dxe4 8.Nxe4 Be7
9.O-O Nf6 10.a3 O-O 11.Be3 Nd5 12.Rc1 Qb6 13.Qc2 h6 14.Nc5 Rd8 15.b4 Bd7
16.Bc4 Bf8 17.Qe4 Nce7 18.Ne5 Bb5 19.Rfe1 Bxc4 20.Nxc4 Qa7 21.Ne5 b6 22.Qf3 f6
23.Nxe6 Rd6 24.Qg4 f5 25.Qh5 g6 26.Nxg6 Rxe6 27.Nxf8 Rxf8 28.Bxh6 Rxe1+ 29.Rxe1 Rf7
30.Bg5 Qd7 31.Re5 Qd6 32.Qf3 Rg7 33.h4 Nf6 34.Qb3+ Kh7 35.Qd3 Kg8 36.g3 Ne4
37.Bxe7 Rxe7 38.Rxf5 Qc6 39.Qf3 Qc1+ 40.Kg2 Qh6 41.d5 Kg7 42.Rf4 Nd6 43.Rg4+ Kh8
44.Rg5 Rh7 45.Qf4  1-0

[Event "Monarch Assurance 8th"]
[Site "Port Erin"]
[Date "1999.11.12"]
[Round "7"]
[White "Rowson, Jonathan"]
[Black "Kiriakov, Petr"]
[Result "1/2-1/2"]
[WhiteElo "2490"]
[BlackElo "2554"]

1.e4 e6 2.d4 d5 3.Nd2 a6 4.Ngf3 c5 5.c3 cxd4 6.cxd4 dxe4 7.Nxe4 Nd7 8.Bd3 Ngf6
9.O-O Be7 10.Qe2 O-O 11.Bg5 Nd5 12.Rac1 Bxg5 13.Nexg5 N7f6 14.Ne5 Bd7 15.Qf3 h6
16.Ne4 Bb5 17.Nc5 Bxd3 18.Qxd3  1/2-1/2

[Event "ch-ESP (team) Div 2"]
[Site "Cala Galdana ESP"]
[Date "1999.11.14"]
[Round "7"]
[White "Sanz Alonso,F"]
[Black "Perez Lopez,JM"]
[Result "1/2-1/2"]
[WhiteElo "2435"]
[BlackElo "2104"]

1.e4 e6 2.d4 d5 3.Nd2 Nc6 4.Ngf3 Nf6 5.e5 Nd7 6.Bb5 a5 7.c3 Ncb8 8.O-O b6
9.Re1 Ba6 10.Ba4 Be7 11.Nf1 c5 12.Ng3 h5 13.h3 b5 14.Bc2 Nc6 15.dxc5 Bxc5
16.Ng5 Qb6 17.Be3 Ndxe5 18.Nxh5 O-O-O 19.Bxc5 Qxc5 20.Nf4 Qe7 21.Nf3 g5 22.Nxe5 Nxe5
23.Nh5  1/2-1/2

[Event "Kuban 99"]
[Site "Krasnodar RUS"]
[Date "1999.11.16"]
[Round "4"]
[White "Beshukov,S"]
[Black "Jenetl,R"]
[Result "1-0"]
[WhiteElo "2506"]
[BlackElo "2371"]

1.e4 e6 2.d4 d5 3.Nd2 Be7 4.Bd3 c5 5.dxc5 Nf6 6.exd5 Qxd5 7.Ngf3 O-O 8.Qe2 Nbd7
9.b4 a5 10.Bc4 Qh5 11.c3 Nd5 12.g4 Qxg4 13.Bxd5 exd5 14.Qxe7 Nf6 15.Rg1 Qf4
16.Qd6 Qh6 17.Ne4  1-0

[Event "Kuban 99"]
[Site "Krasnodar RUS"]
[Date "1999.11.20"]
[Round "8"]
[White "Brodsky,M"]
[Black "Jenetl,R"]
[Result "1-0"]
[WhiteElo "2512"]
[BlackElo "2371"]

1.e4 e6 2.d4 d5 3.Nd2 Be7 4.Bd3 c5 5.dxc5 Nf6 6.Qe2 Nc6 7.Ngf3 Nb4 8.O-O Nxd3
9.cxd3 Bxc5 10.Nb3 Be7 11.Bg5 h6 12.Bh4 Qb6 13.e5 Ng8 14.Bg3 Bd8 15.Bf4 Qb5
16.Rfc1 Ne7 17.Nbd4 Qa4 18.b3 Qd7 19.a4 O-O 20.Bd2 a5 21.Be3 Nc6 22.Nxc6 bxc6
23.Bc5 Re8 24.Rc3 Qb7 25.Rac1 Bd7 26.d4 Be7 27.Bxe7 Rxe7 28.Ne1 Qb4 29.Qe3 Rf8
30.Nd3 Qb6 31.Nf4 Kh7 32.Qd3+ Kh8 33.Nh5 Be8 34.Nf6 g6 35.Qd2 Kg7 36.Qf4 Qd8
37.Qxh6+ Kxh6 38.Rh3+ Kg5 39.Rf1 Kf4 40.g3+ Kf5  1-0